000 00456cam a2200145ua 4500
003 OSt
005 20260213112823.0
008 260213b |||||||| |||| 00| 0 eng d
041 _aeng
082 _a028.756
_bTEC/IN
245 _aIntellectual property protection in India: A practical guide for Scientists, technologists and other users
260 _aNew Delhi :
_bCouncil of Scientific and Industrial Researsh ,
_c1993.
300 _a206 ; .
942 _cBK
999 _c8909
_d8909